Las mocedades del Cid

Gespeichert in:
Bibliographische Detailangaben
1. Verfasser: Castro, Guillén de
Format: Buch
Sprache:Undetermined
Veröffentlicht: Madrid, España Espasa-Calpe 1975
Schlagworte:
Tags: Tag hinzufügen
Keine Tags, Fügen Sie den ersten Tag hinzu!

MARC

LEADER 00000nam a2200000Ia 4500
008 170316s9999 xx 000 0 und d
040 |a cru BVZT 
090 |a 862 C-26mo 
100 |a Castro, Guillén de 
245 |a Las mocedades del Cid 
260 |a Madrid, España 
260 |b Espasa-Calpe 
260 |c 1975 
300 |a 269 páginas 
650 |a LITERATURA ESPAÑOLA 
942 |c 15 D 
999 |c 9645  |d 9645